|
|
|
|
| LEADER |
02034nam a2200325 a 4500 |
| 001 |
GR-MES14753 |
| 008 |
050113s2001 gr 000 0 gre d |
| 020 |
|
|
|a 9603513636
|
| 040 |
|
|
|a GrPaTEI
|b gre
|c GR-PaULI
|
| 040 |
|
|
|a GrPaTEI
|b gre
|c GR-PaULI
|
| 044 |
|
|
|b gr
|
| 082 |
|
0 |
|a 631.584
|2 21
|
| 110 |
2 |
|
|a Δίκτυο Βιολογικής Γεωργίας
|
| 245 |
1 |
0 |
|a Βιολογική γεωργία, φυτική και ζωική παραγωγή :
|b Πρακτικά ημερίδας, Θεσσαλονίκη, 2 Φεβρουαρίου 2001 /
|c Δίκτυο Βιολογικής Γεωργίας ; Επιμέλεια Ευάγγελος Παπαναγιώτου, Δέσποινα Μηλιάδου, Χρήστος Φωτόπουλος.
|
| 260 |
|
|
|a Αθήνα :
|b Σταμούλης,
|c c2001
|
| 300 |
|
|
|a 251 σ. :
|b εικ ;
|c 24 εκ.
|
| 504 |
|
|
|a Περιλαμβάνει βιβλιογραφία.
|
| 650 |
|
4 |
|a Γεωργία
|x Συνέδρια
|
| 650 |
|
4 |
|a Κτηνοτροφία
|x Συνέδρια
|
| 650 |
|
4 |
|a Οργανικές καλλιέργειες
|x Συνέδρια
|
| 650 |
|
4 |
|a Οργανική γεωργία
|
| 700 |
1 |
|
|a Μηλιάδου, Δέσποινα
|
| 700 |
1 |
|
|a Παπαναγιώτου, Ευάγγελος
|
| 700 |
1 |
|
|a Φωτόπουλος, Χρήστος
|
| 942 |
|
|
|2 ddc
|
| 952 |
|
|
|0 0
|1 0
|2 ddc
|4 0
|6 631_584000000000000_ΔΙΚ
|7 0
|9 272637
|a MSLG
|b MSLG
|c BSC
|d 2021-01-17
|e 24
|f 0
|g 0.00
|l 0
|o 631.584 ΔΙΚ
|p 2420000023357
|r 2021-01-17 00:00:00
|t 1
|v 2021.00
|w 2021-01-17
|y BK15
|x Μεταφορά από Αμαλιάδα (18/10/22)
|x GrPaTEI
|
| 952 |
|
|
|0 0
|1 0
|2 ddc
|4 0
|6 631_584000000000000_ΔΙΚ
|7 0
|9 272638
|a MSLG
|b MSLG
|c BSC
|d 2021-01-17
|e 24
|f 0
|g 0.00
|l 0
|o 631.584 ΔΙΚ
|p 2420000023356
|r 2021-01-17 00:00:00
|t 2
|w 2021-01-17
|y BK15
|x 20090209 0 ΤΣΑΝΤΑΡΛΙΩΤΗ 1
|x GrPaTEI
|
| 952 |
|
|
|0 0
|1 0
|2 ddc
|4 0
|6 631_584000000000000_ΔΙΚ
|7 0
|9 373955
|a LISA
|b LISA
|c BSC
|d 2023-09-15
|i 13720
|l 0
|o 631.584 ΔΙΚ
|p 025000279262
|r 2023-09-15 00:00:00
|t 3
|w 2023-09-15
|
| 971 |
|
|
|a .b25808023
|b 15-04-20
|c 13-09-16
|
| 999 |
|
|
|c 157720
|d 157720
|